[Event "Decin op-A"]
[Site "Decin"]
[Date "1998.??.??"]
[Round "8"]
[White "Lymar, Irina"]
[Black "Stets, Dmitry"]
[Result "0-1"]
[WhiteElo "2225"]
[BlackElo "2430"]

1.d4 Nf6 2.Nf3 g6 3.c4 Bg7 4.g3 O-O 5.Bg2 d6 6.O-O Nbd7 7.Nc3 e5 8.h3 Re8
9.e4 exd4 10.Nxd4 a6 11.Re1 Rb8 12.a4 Nc5 13.Rb1 h6 14.f4 a5 15.Ndb5 Bf8
16.g4 c6 17.Nd4 Bg7 18.Nb3 Nxb3 19.Qxb3 Be6 20.Be3 h5 21.g5 Nd7 22.Rbd1 Qc7
23.Bf1 f6 24.gxf6 Nxf6 25.Qc2 Rbd8 26.Qg2 Qf7 27.b3 Nd7 28.Qd2 Kh7 29.Bg2 Nc5
30.Qc2 Rf8  0-1

[Event "Dieren op"]
[Site "Dieren"]
[Date "1998.??.??"]
[Round "5"]
[White "Neverov, Valeriy"]
[Black "Sorkin, Igor"]
[Result "1-0"]
[WhiteElo "2540"]
[BlackElo "2290"]

1.d4 Nf6 2.c4 g6 3.Nf3 Bg7 4.g3 O-O 5.Bg2 d6 6.O-O Nbd7 7.Qc2 c6 8.e4 e5
9.Rd1 Re8 10.Nc3 exd4 11.Nxd4 Qb6 12.Bf4 Ne5 13.Na4 Qa5 14.h3 Bd7 15.b3 c5
16.Nb5 Bxb5 17.cxb5 Nh5 18.Rac1 Qxb5 19.Rxd6 Nxf4 20.gxf4 Nc6 21.Qxc5 Qe2
22.Qc4 Qxa2 23.e5 Ne7 24.Bxb7 Rab8 25.Nc5 g5 26.Rd7 Rbd8 27.e6 f5 28.Rcd1 Rb8
29.fxg5 Ng6 30.e7+ Kh8 31.Rd8 Qa5 32.Rxb8 Rxb8 33.Qf7  1-0

[Event "Dieren op"]
[Site "Dieren"]
[Date "1998.??.??"]
[Round "7"]
[White "Odendahl, Reiner"]
[Black "Sorkin, Igor"]
[Result "1-0"]
[WhiteElo "2325"]
[BlackElo "2290"]

1.Nf3 d6 2.c4 g6 3.d4 Bg7 4.g3 Nf6 5.Bg2 O-O 6.O-O c6 7.b3 e5 8.dxe5 Ng4
9.Bb2 Nxe5 10.Nxe5 dxe5 11.Nd2 Qc7 12.Qc2 Bg4 13.Rfe1 Nd7 14.c5 Rfd8 15.Nc4 Bf5
16.e4 Be6 17.b4 b6 18.cxb6 axb6 19.a3 b5 20.Ne3 Nb6 21.Rad1 f6 22.Nd5 Qb7
23.Qxc6 Qxc6 24.Ne7+ Kf8 25.Nxc6 Rxd1 26.Rxd1 Nc4 27.Bc1 Ke8 28.Bf1 Bg4 29.Rd5 Nxa3
30.Bxa3 Rxa3 31.Bxb5 Bd7 32.Nd4 Ra7 33.Rxd7 Rxd7 34.Ne6  1-0

[Event "Dieren op"]
[Site "Dieren"]
[Date "1998.??.??"]
[Round "9"]
[White "Safin, Shukhrat"]
[Black "Vakhidov, Tahir"]
[Result "1-0"]
[WhiteElo "2510"]
[BlackElo "2470"]

1.d4 Nf6 2.c4 g6 3.Nf3 Bg7 4.g3 O-O 5.Bg2 d6 6.O-O Nbd7 7.Nc3 e5 8.e4 c6
9.h3 Qb6 10.Re1 exd4 11.Nxd4 Ng4 12.Nce2 Ngf6 13.Nc3 Ng4 14.Nce2 Ngf6 15.Nc3 Re8
16.Re2 Ng4 17.Rd2 Nge5 18.b3 Nc5 19.Nde2 Bf8 20.Rb1 a5 21.Rc2 Qc7 22.Nd4 Qe7
23.Be3 Ned7 24.Re2 Bg7 25.f4 Nf6 26.Bf2 Qf8 27.Kh2 Bd7 28.a3 Rad8 29.b4 axb4
30.axb4 Ne6 31.Rd2 Nxd4 32.Bxd4 Be6 33.Bb6 Rd7 34.c5 dxc5 35.Bxc5 Rxd2 36.Qxd2 Rd8
37.Qf2 Qe8 38.Rc1 Nd7 39.Be3 h5 40.b5  1-0

[Event "Sparkasse op"]
[Site "Dortmund"]
[Date "1998.??.??"]
[Round "?"]
[White "Rohde, Ulrich"]
[Black "Shpilker, Boris"]
[Result "1/2-1/2"]
[WhiteElo "2280"]
[BlackElo "2375"]

1.Nf3 g6 2.d4 Bg7 3.c4 Nf6 4.g3 O-O 5.Bg2 d6 6.O-O c6 7.Nc3 Na6 8.e4 e5 9.h3 Qe7
10.Re1 Re8 11.Be3 Qf8 12.Qd2 Nh5 13.Rad1 f5 14.dxe5 dxe5 15.exf5 gxf5 16.Bg5 e4
17.Nh2 Nc5 18.g4 Nf6 19.gxf5 Bxf5 20.Qf4 Bg6 21.Qh4 Re5 22.Bf4 Rh5 23.Qg3 Nd3
24.Bd6 Qf7 25.Re2 Qxc4 26.Ng4 Rg5 27.Be7 Kh8 28.Bxf6 Bxf6 29.h4 Rxg4 30.Qxg4 Rg8
31.Kh1 h5 32.Qg3 Qc5 33.Qe3 Qxe3 34.fxe3 Re8 35.Nxe4  1/2-1/2

[Event "Sparkasse GM"]
[Site "Dortmund"]
[Date "1998.??.??"]
[Round "?"]
[White "Petrosian, Arshak B"]
[Black "Micic, Jordanka"]
[Result "1-0"]
[WhiteElo "2500"]
[BlackElo "2315"]

1.d4 Nf6 2.Nf3 g6 3.c4 Bg7 4.g3 O-O 5.Bg2 d6 6.Nc3 c6 7.O-O Qa5 8.e4 Bg4
9.h3 Bxf3 10.Bxf3 Nfd7 11.Rb1 a6 12.b4 Qc7 13.Bg5 Re8 14.Qd2 e5 15.d5 a5
16.a3 axb4 17.axb4 Na6 18.dxc6 bxc6 19.Rfd1 Nb6 20.Be2 Bf8 21.h4 Qc8 22.Be3 Qc7
23.Rdc1 Reb8 24.Rc2 Nd7 25.Nb5 cxb5 26.cxb5 Nac5 27.bxc5 Nxc5 28.f3 Rb6 29.Ra2 Rxa2
30.Qxa2 Rb8 31.Bc4 Kg7 32.Ra1 Qd7 33.Qa7 Rb7 34.Qa8 Rxb5 35.Bxb5 Qxb5 36.Bh6+ Kxh6
37.Qxf8+ Kh5 38.Rf1 Qd3 39.g4+  1-0

[Event "Sparkasse op"]
[Site "Dortmund"]
[Date "1998.??.??"]
[Round "?"]
[White "Racherbaeumer, Marcel"]
[Black "Shpilker, Boris"]
[Result "0-1"]
[WhiteElo "2265"]
[BlackElo "2375"]

1.d4 d6 2.g3 g6 3.Bg2 Bg7 4.Nf3 Nf6 5.c4 O-O 6.O-O c6 7.Nc3 Na6 8.e4 e5 9.h3 Qb6
10.d5 cxd5 11.cxd5 Nc5 12.Ne1 Bd7 13.Nd3 Nxd3 14.Qxd3 Nh5 15.Be3 Qa6 16.Qxa6 bxa6
17.Rfc1 f5 18.exf5 gxf5 19.Bg5 Rf7 20.Bf1 Bc8 21.Be2 Nf6 22.Rc2 Bb7 23.Bxf6 Bxf6
24.g4 Rg7 25.Kf1 Bc8 26.Nd1 Bg5 27.Rc4 Bd7 28.a4 Bf4 29.Ne3 Bxe3 30.fxe3 Rf8
31.Kg2 h5 32.Rh1  0-1

[Event "Centrocoop Sept op-A"]
[Site "Eforie Nord"]
[Date "1998.??.??"]
[Round "?"]
[White "Jianu, Vlad"]
[Black "Florean, Andrei"]
[Result "0-1"]
[WhiteElo "2225"]
[BlackElo "2450"]

1.d4 Nf6 2.c4 g6 3.Nf3 Bg7 4.g3 O-O 5.Bg2 d6 6.O-O Nc6 7.Nc3 a6 8.e4 Rb8
9.a4 Re8 10.Re1 Bg4 11.Be3 Qc8 12.Rb1 e5 13.d5 Nd4 14.Bg5 c5 15.Qd3 Nd7 16.Nd2 Nf8
17.Be3 h6 18.Bxd4 exd4 19.Ne2 g5 20.b4 b6 21.f3 Bd7 22.b5 a5 23.f4 f5 24.Kh1 Nh7
25.Ng1 Nf6 26.fxg5 Ng4 27.Nh3 Ne3 28.Nf4 hxg5 29.Ne6 Bxe6 30.dxe6 Qxe6 31.exf5 Qf7
32.Bc6 Re5 33.Ne4 Qxf5 34.Rf1 Qe6 35.Rf3 Kh8 36.Rb2 Qxc4 37.Rxe3 Qc1+ 38.Kg2 Qxe3
39.Qd1 Rf8 40.Qh5+ Kg8 41.Re2 Qc1 42.Nf2 Qc4 43.Rxe5 dxe5 44.Be4 Rf7 45.Qxg5 Qe6
46.Ng4 c4 47.Qh4 Qd6 48.Qh3 d3 49.Ne3 Qc5 50.Bd5 Qxe3 51.Qc8+ Kh7 52.Bxf7 Qe4+
53.Kg1 d2 54.Bg8+ Kh6 55.Qe6+ Qg6 56.Qh3+ Kg5 57.Qh4+ Kf5 58.Qd8 c3 59.Qd3+ e4
60.Qf1+ Ke5 61.Qf4+ Kd4 62.Qf2+ Kd3 63.Qf1+ Kc2 64.Qe2 Bd4+ 65.Kg2 Qxg8 66.Qxe4+ Kc1  0-1

[Event "Centrocoop Sept op-A"]
[Site "Eforie Nord"]
[Date "1998.??.??"]
[Round "?"]
[White "Jianu, Vlad"]
[Black "Ardeleanu, Alin"]
[Result "1/2-1/2"]
[WhiteElo "2225"]
[BlackElo "2400"]

1.d4 Nf6 2.c4 g6 3.Nf3 Bg7 4.g3 O-O 5.Bg2 d6 6.O-O Nc6 7.Nc3 Bg4 8.h3 Bxf3
9.Bxf3 Nd7 10.Be3 e5 11.d5 Nd4 12.Bg2 a6 13.Qd2 Nf5 14.b4 Nxe3 15.Qxe3 f5
16.Rac1 a5 17.a3 axb4 18.axb4 Ra3 19.Qd2 h5 20.c5 dxc5 21.Nb5 Ra4 22.bxc5 e4
23.c6 bxc6 24.dxc6 Ne5 25.Qxd8 Rxd8 26.Nxc7 Rd6 27.Nd5 Nxc6 28.Rxc6 Rxd5
29.Rxg6 h4 30.gxh4 Kf7 31.Rc6 Rda5 32.e3 Be5 33.Rb1 Ra1 34.Rxa1 Rxa1+ 35.Bf1 Re1
36.Rc5 Kf6 37.h5 Rd1 38.h6 Rd7 39.Bb5 Rc7 40.Rxc7 Bxc7 41.h7 Kg7 42.Bd7 f4
43.Bf5 fxe3 44.fxe3 Bb6 45.Kf2 Bxe3+  1/2-1/2

[Event "Centrocoop Sept op-B"]
[Site "Eforie Nord"]
[Date "1998.??.??"]
[Round "?"]
[White "Calotescu, Cristina"]
[Black "Ionica, Iulia"]
[Result "1/2-1/2"]
[WhiteElo "2180"]
[BlackElo "2195"]

1.Nf3 Nf6 2.g3 g6 3.Bg2 Bg7 4.d4 d6 5.c4 O-O 6.O-O c5 7.Nc3 cxd4 8.Nxd4 a6
9.b3 Qc7 10.Bb2 Nc6 11.Rc1 e5 12.Nd5 Qd8 13.Nxf6+ Qxf6 14.Nxc6 bxc6 15.Bxc6 Rb8
16.Qd2 Bb7 17.Bxb7 Rxb7 18.Rfd1 Rd8 19.Qd5 Rbd7 20.Rc2 h5 21.Rcd2 Bh6 22.Rd3 Qe7
23.e4 Kh7 24.Ba3 Bf8 25.Bb4 h4 26.a3 Qf6 27.Kg2 h3+ 28.Kg1 Kg8 29.Qc6 Ra7
30.c5 a5 31.Bc3 Raa8 32.cxd6 Rac8 33.Qa6 Ra8 34.Qb5 Bxd6 35.Bxa5 Rdb8 36.Qd5 Bxa3
37.Bc7 Re8 38.Qb5 Bf8 39.Ba5 Rec8 40.Qb6 Qg5 41.Bd2 Qh5 42.Re1 Ra2 43.Qf6 Bc5
44.Rd7 Rf8 45.Kf1 Qg4 46.Rd3 Re8 47.b4 Bf8 48.f3 Qc8 49.Rc1 Qb7 50.Qc6 Qxc6
51.Rxc6 Ra1+ 52.Rc1 Rxc1+ 53.Bxc1 Bxb4 54.Bb2 Bf8 55.Rd5 Bg7 56.Ke2 Rb8 57.Bc3 Rb1
58.Rd1 Rb7 59.Rd8+ Kh7 60.Rd5 Rb3 61.Bd2 Rb2 62.Rd7 Kg8  1/2-1/2

[Event "Centrocoop Sept op-A"]
[Site "Eforie Nord"]
[Date "1998.??.??"]
[Round "?"]
[White "Luputi, S."]
[Black "Pozin, Sergey"]
[Result "0-1"]
[WhiteElo "2010"]
[BlackElo "2390"]

1.d4 Nf6 2.c4 g6 3.Nf3 Bg7 4.g3 O-O 5.Bg2 d6 6.O-O Bg4 7.Nc3 Nc6 8.h3 Bxf3
9.Bxf3 Nd7 10.e3 e5 11.d5 Ne7 12.e4 f5 13.Bd2 a5 14.a3 Nc5 15.b4 axb4 16.axb4 Rxa1
17.Qxa1 Nb3 18.Qa2 Nd4 19.Bg2 f4 20.Ra1 g5 21.c5 Ng6 22.Qc4 g4 23.hxg4 Qg5
24.f3 h5 25.Ne2 hxg4 26.gxf4 Nxe2+ 27.Qxe2 exf4 28.Ra3 Bb2 29.Rb3 Bd4+ 30.Kf1 Ne5
31.fxg4 Ra8 32.Qd1 Ra1 33.Rb1 Rxb1 34.Qxb1 Qxg4  0-1

[Event "Centrocoop Sept op-B"]
[Site "Eforie Nord"]
[Date "1998.??.??"]
[Round "?"]
[White "Calotescu, Cristina"]
[Black "Draica, Iulia"]
[Result "1-0"]
[WhiteElo "2050"]
[BlackElo "2070"]

1.Nf3 g6 2.g3 Bg7 3.d4 Nf6 4.Bg2 d6 5.c4 O-O 6.Nc3 Nc6 7.O-O Bg4 8.h3 Bxf3
9.Bxf3 Nd7 10.Be3 e5 11.d5 Ne7 12.Rb1 f5 13.Qd2 Rf7 14.Bg2 Nb6 15.b3 f4 16.gxf4 exf4
17.Bd4 Bh6 18.e4 Nd7 19.b4 Qf8 20.Bf3 Bg7 21.Bg4 Bxd4 22.Qxd4 Ne5 23.f3 Rf6
24.c5 Qh6 25.Nb5 Qh4 26.Rb2 h5 27.cxd6 cxd6 28.Be6+ Rxe6 29.dxe6 Qg3+ 30.Rg2 Nxf3+
31.Rxf3 Qxf3 32.Nxd6 Qxh3 33.Qf6  1-0

[Event "Centrocoop Sept op-A"]
[Site "Eforie Nord"]
[Date "1998.??.??"]
[Round "?"]
[White "Tudor, Alin"]
[Black "Popescu, Gheorghe"]
[Result "1/2-1/2"]
[WhiteElo "2125"]
[BlackElo "2250"]

1.d4 Nf6 2.c4 g6 3.Nf3 Bg7 4.g3 O-O 5.Bg2 d6 6.O-O c6 7.Nc3 Bf5 8.Nh4 Be6
9.d5 cxd5 10.cxd5 Bd7 11.h3 Na6 12.e4 Nc5 13.Be3 Qa5 14.Qd2 Rfc8 15.Rac1 Na4
16.Nxa4 Qxd2 17.Bxd2  1/2-1/2

[Event "FRA-chJM6"]
[Site "FRA"]
[Date "1998.??.??"]
[Round "5"]
[White "Templier, Nicolas"]
[Black "Sorin, Maxime"]
[Result "1-0"]
[WhiteElo "2115"]
[BlackElo "2250"]

1.d4 Nf6 2.c4 g6 3.Nf3 Bg7 4.g3 O-O 5.Bg2 d6 6.Nc3 Nbd7 7.O-O e5 8.e4 exd4
9.Nxd4 Re8 10.h3 a6 11.Re1 Rb8 12.Rb1 c5 13.Nc2 Ne5 14.b3 b5 15.cxb5 axb5
16.f4 Ned7 17.Qxd6 Nh5 18.Qd3 c4 19.Qf3 Bb7 20.bxc4 Qc7 21.Nxb5 Qxc4 22.Nca3 Qa4
23.Kh2 f5 24.Qd1 Nc5 25.Qxa4 Nxa4 26.Nd6  1-0

[Event "Frome op"]
[Site "Frome"]
[Date "1998.??.??"]
[Round "4"]
[White "Bates, Richard"]
[Black "Hunt, Adam"]
[Result "0-1"]
[WhiteElo "2430"]
[BlackElo "2255"]

1.d4 Nf6 2.Nf3 g6 3.c4 Bg7 4.g3 O-O 5.Bg2 d6 6.O-O Nbd7 7.d5 Nc5 8.Nc3 a5
9.Be3 Nce4 10.Nxe4 Nxe4 11.Qc2 Nf6 12.Rad1 a4 13.Nd4 e5 14.dxe6 fxe6 15.Nb5 Qe7
16.Nc3 a3 17.b3 Ng4 18.Bd2 Bd4 19.e3 Bg7 20.f4 c6 21.h3 Nf6 22.e4 d5 23.e5 Nd7
24.Be3 Kh8 25.h4 b5 26.cxb5 cxb5 27.Ne2 Ba6 28.Rc1 b4 29.Qd2 Rfc8 30.Rxc8+ Rxc8
31.Rc1 Rxc1+ 32.Nxc1 Bf8 33.Bd4 Kg8 34.Bh3 Kf7 35.h5 Qd8 36.hxg6+ hxg6 37.Nd3 Qc7
38.Ne1 Nc5 39.Qc2 Qc8 40.Bg2 Nd7 41.Qd2 Bc5 42.Nf3 Bxd4+ 43.Nxd4 Qc3 44.Qxc3 bxc3
45.Bf1 Nc5 46.Nc2 Bd3 47.Bxd3 Nxd3 48.Kf1 Nc1 49.b4 Nxa2 50.b5 Ke7 51.b6 Kd7
52.g4 d4 53.f5 d3 54.fxe6+ Ke7 55.Ne1 d2 56.b7 dxe1=Q+ 57.Kxe1 c2  0-1

[Event "Oberliga Nord N9899"]
[Site "GER"]
[Date "1998.??.??"]
[Round "?"]
[White "Csom, Istvan"]
[Black "Salov, Sergei"]
[Result "1-0"]
[WhiteElo "2475"]
[BlackElo "2305"]

1.Nf3 Nf6 2.c4 d6 3.d4 g6 4.g3 Bg7 5.Bg2 O-O 6.Nc3 Nbd7 7.O-O e5 8.h3 c6
9.e4 Re8 10.Re1 a5 11.Rb1 exd4 12.Nxd4 Nc5 13.Bf4 Nh5 14.Be3 Nf6 15.Qc2 a4
16.Rbd1 Qa5 17.a3 Nfd7 18.Bf1 Qc7 19.f4 b6 20.Bf2 Ra5 21.Bg2 Bb7 22.Nf3 Ba6
23.Nd2 Nf8 24.Bf1 Bb7 25.Kh2 Nfd7 26.Bg2 Re7 27.Nf3 Ba6 28.Bf1 Bb7 29.Nd4 Nf8
30.Bg2 Nfd7 31.Re2 Re8 32.Rde1 Nf8 33.Rd2 Nfd7 34.Qd1 Nf8 35.Nde2 Re6 36.Qc2 Ra8
37.Red1 Nfd7 38.Nd4 Bxd4 39.Rxd4 Nb3 40.R4d3 Ndc5 41.Re3 Ba6 42.Nxa4 Nxa4
43.Rxb3 Rae8 44.Re3 Nc5 45.Rde1 Bb7 46.e5 dxe5 47.Rxe5 Rxe5 48.Rxe5 Rxe5
49.fxe5 Nd7 50.Qe4 Qxe5 51.Qxe5 Nxe5 52.Bxb6 Nxc4 53.Bd4 f5 54.a4 Kf7 55.Bf1 Nd6
56.b4 Ke6 57.h4 Kd5 58.Be3 Ne4 59.a5 Nc3 60.a6 Ba8  1-0

[Event "Oberliga Nord O9798"]
[Site "Germany"]
[Date "1998.??.??"]
[Round "?"]
[White "Mahn, Franko"]
[Black "Jacobs, Joachim"]
[Result "1-0"]
[WhiteElo "2200"]
[BlackElo "2205"]

1.Nf3 Nf6 2.g3 g6 3.Bg2 Bg7 4.d4 O-O 5.c4 d6 6.Nc3 Nc6 7.d5 Na5 8.Nd2 c5
9.O-O a6 10.Qc2 Rb8 11.b3 b5 12.Bb2 e6 13.e4 Re8 14.Rae1 exd5 15.cxd5 Bd7
16.Nd1 Nh5 17.f4 Bxb2 18.Qxb2 f6 19.e5 fxe5 20.fxe5 dxe5 21.Rxe5 Qb6 22.Rxh5 gxh5
23.Ne4 Rxe4 24.Bxe4 c4+ 25.Kg2 cxb3 26.Bxh7+  1-0

[Event "BL2-W9798"]
[Site "Germany"]
[Date "1998.??.??"]
[Round "?.6"]
[White "Krallmann, Matthias"]
[Black "Sukharisingh, Ralf"]
[Result "1/2-1/2"]
[WhiteElo "2285"]
[BlackElo "2340"]

1.d4 Nf6 2.c4 g6 3.Nf3 Bg7 4.g3 O-O 5.Bg2 d6 6.O-O Nc6 7.d5 Na5 8.Nfd2 c5
9.Nc3 e5 10.a3 b6 11.b4 Nb7 12.Bb2 Bd7 13.e3 Ng4 14.h3 Nh6 15.Qc2 f5 16.f4 Nf7
17.Kh2 Kh8 18.Bf3 Qc7 19.Rac1 a6 20.Qb1 Qb8 21.Ba1  1/2-1/2

[Event "Oberliga Ost A9798"]
[Site "Germany"]
[Date "1998.??.??"]
[Round "?.5"]
[White "Kleschtschow, Juri"]
[Black "Hesse, Peter"]
[Result "1/2-1/2"]
[WhiteElo "2130"]
[BlackElo "2305"]

1.d4 Nf6 2.Nf3 g6 3.c4 Bg7 4.g3 d6 5.Bg2 O-O 6.O-O Nc6 7.d5 Na5 8.Nfd2 c6
9.Nc3 cxd5 10.cxd5 Bd7 11.a4 Rc8 12.e4 a6 13.h3 Qb6 14.Kh2 Qb4 15.Ra3 e5
16.Ndb1 h6 17.b3 Qb6 18.Be3 Qc7 19.Qd3 Nh5 20.Rc1 Qd8 21.Bf3 f5 22.Bxh5 gxh5
23.Nd2 b5 24.Raa1 Kh7 25.axb5 axb5 26.exf5 e4 27.Ndxe4 Bxf5 28.Qxb5 Qe7 29.Rxa5 Bxe4
30.Ra7 Qe5 31.f4 Qf5 32.Bd4 Rf7 33.Rxf7 Qxf7 34.Bxg7 Qxg7 35.Ne2 Rxc1 36.Nxc1 Qd4
37.Qe2 Qxd5 38.h4 Bf5 39.Qe3 Kg6 40.Ne2 Qd1 41.Qe8+ Kf6 42.Qf8+ Ke6 43.Qe8+ Kf6
44.Qd8+ Ke6 45.Qe8+ Kf6 46.Qxh5 Be4 47.Qxh6+ Kf7 48.Qh5+ Kf6 49.Qh8+ Kf7
50.Qh5+ Kf6 51.Qh6+ Kf7 52.Qh5+  1/2-1/2

[Event "Oberliga Ost B9798"]
[Site "Germany"]
[Date "1998.??.??"]
[Round "?.4"]
[White "Krueger, Rainer"]
[Black "Stimpel, Franz"]
[Result "1/2-1/2"]
[WhiteElo "2280"]
[BlackElo "2245"]

1.d4 Nf6 2.Nf3 g6 3.g3 Bg7 4.Bg2 O-O 5.c4 d6 6.O-O Nbd7 7.Nc3 e5 8.e4 Re8
9.Re1 h6 10.h3 a5 11.Be3 exd4 12.Nxd4 Nc5 13.Qc2 c6 14.Rad1 Qc7 15.b3 Bd7
16.f3 Rad8 17.Qf2 Bc8 18.Re2 Bf8 19.Red2 Kh7 20.Nde2 b6 21.Nf4 Nfd7 22.Bd4 Ne6
23.Nxe6 fxe6 24.f4 e5 25.fxe5 dxe5 26.Qf7+ Bg7 27.Be3 Rf8 28.Qe7 Rde8 29.Qd6 Qb7
30.Rf1 Rxf1+ 31.Bxf1 Bf8 32.Qd3 Bb4 33.Rf2 Nc5 34.Qc2 Bxc3 35.Bxc5 Be1 36.Rf8 Rxf8
37.Bxf8 Qf7 38.Bxh6 Bxg3 39.Be3 c5 40.Qg2 Bf4 41.Bf2  1/2-1/2

[Event "Oberliga Ost B9798"]
[Site "Germany"]
[Date "1998.??.??"]
[Round "?.3"]
[White "Krueger, Rainer"]
[Black "Zude, Erik"]
[Result "0-1"]
[WhiteElo "2280"]
[BlackElo "2365"]

1.d4 Nf6 2.Nf3 g6 3.g3 Bg7 4.c4 O-O 5.Bg2 d6 6.O-O Nc6 7.Nc3 Rb8 8.d5 Na5
9.b3 c6 10.Bb2 b5 11.cxb5 Nxd5 12.Nd4 Nxc3 13.Bxc3 c5 14.Qd2 Bxd4 15.Bxa5 Qe8
16.a4 Bxa1 17.Rxa1 Bb7 18.Bh3 a6 19.Bc7 axb5 20.Bxb8 Qc6 21.f3 Rxb8 22.Qg5 Qd5
23.Qe3 bxa4 24.bxa4 Bc6 25.Kf2 Rb3 26.Qf4 e5 27.Qc1 Qd4+ 28.Kf1 Bxa4 29.Bf5 Bc6
30.Ra7 Bxf3 31.Bd3 c4 32.Ra4 Rxd3 33.exd3 Qxd3+ 34.Kg1 c3 35.Ra2 Bd5 36.Rf2 Qe4
37.Kf1 Qh1+  0-1

[Event "Oberliga Nord O9798"]
[Site "Germany"]
[Date "1998.??.??"]
[Round "?"]
[White "Konopka, Michal"]
[Black "Wuttke, Hans"]
[Result "1-0"]
[WhiteElo "2410"]
[BlackElo "2185"]

1.d4 Nf6 2.Nf3 g6 3.c4 Bg7 4.g3 O-O 5.Bg2 d6 6.O-O Nc6 7.Nc3 Bf5 8.d5 Na5
9.Nd4 Bd7 10.b3 c5 11.dxc6 Nxc6 12.e3 a6 13.Bb2 Re8 14.Qe2 Rc8 15.Rfd1 Qa5
16.a3 Bg4 17.f3 Bd7 18.Rac1 Qh5 19.Nxc6 Rxc6 20.e4 Be6 21.Nd5 Nd7 22.Nf4 Qc5+
23.Kh1 Bxb2 24.Qxb2 Nf8 25.Nd3 Qh5 26.e5 dxe5 27.Nxe5 Rc7 28.f4 Nd7 29.Nxd7 Bxd7
30.Rd5 Qh6 31.Qe5 Rec8 32.Rcd1 Be8 33.Rd8 Qf8 34.Rxc8 Rxc8 35.Bxb7 Bc6+ 36.Bxc6 Rxc6
37.Rd7 e6 38.Qd4 Rc8 39.b4 a5 40.c5 axb4 41.axb4 Ra8 42.c6 e5 43.fxe5 Qh6
44.Rd8+ Rxd8 45.Qxd8+ Kg7 46.Qf6+ Kf8 47.Qf4 g5 48.Qc4 Qh5 49.c7  1-0

[Event "BL2-W9798"]
[Site "Germany"]
[Date "1998.??.??"]
[Round "?.8"]
[White "Schroeder, Wilfried"]
[Black "Ahn, Martin"]
[Result "1/2-1/2"]
[WhiteElo "2255"]
[BlackElo "2310"]

1.d4 Nf6 2.Nf3 g6 3.c4 Bg7 4.g3 O-O 5.Bg2 d6 6.O-O Nbd7 7.Qc2 e5 8.Rd1 exd4
9.Nxd4 Re8 10.Nc3 a6 11.e4 Rb8 12.h3 Nc5 13.Be3 Qe7 14.f3 c6 15.Bf2 Ne6 16.f4 Nxd4
17.Bxd4 Be6 18.b3 b5 19.cxb5 axb5 20.Rac1 Rec8 21.Qd2 Rd8 22.Kh2 b4 23.Na4 c5
24.Ba1 d5 25.exd5 Nxd5 26.Bxg7 Kxg7 27.Qe1 Nf6 28.Nxc5 Rxd1 29.Nxe6+ Qxe6
30.Qxe6 Rxc1 31.Qe5 Re8 32.Qb2 Rce1 33.g4 R1e2 34.Qd4 R8e4 35.Qa1 Re1 36.Qb2 R1e2
37.Qa1 Re1 38.Qb2 R1e2 39.Qa1  1/2-1/2

[Event "BL2-W9798"]
[Site "Germany"]
[Date "1998.??.??"]
[Round "?.8"]
[White "Schroeder, Wilfried"]
[Black "Wolter, Kai"]
[Result "0-1"]
[WhiteElo "2255"]
[BlackElo "2270"]

1.d4 Nf6 2.Nf3 g6 3.c4 Bg7 4.g3 O-O 5.Bg2 d6 6.O-O Nc6 7.Nc3 a6 8.b3 Rb8
9.e3 Bd7 10.Qe2 e5 11.d5 Ne7 12.e4 Nh5 13.Ne1 f5 14.f3 c5 15.Nd3 b5 16.Bd2 f4
17.g4 Nf6 18.Nb2 g5 19.Rfb1 h5 20.h3 Ng6 21.a3 Rf7 22.b4 Bf8 23.cxb5 axb5
24.Be1 Rh7 25.Nbd1 hxg4 26.hxg4 Qe8 27.Nf2 Nh4 28.Nh3 Nxf3+ 29.Bxf3 Rxh3
30.Qg2 Rh7 31.Nd1 Be7 32.Nf2 c4 33.Nh3 Qg6 34.Rc1 Bd8 35.Ra2 Qh6 36.Nf2 Bb6
37.Kf1 Rc8 38.Rcc2 Kf7 39.Ke2 Qh2  0-1

[Event "BL2-N9798"]
[Site "Germany"]
[Date "1998.??.??"]
[Round "6.1"]
[White "Kalinitschew, Sergey"]
[Black "Joecks, Christian"]
[Result "1/2-1/2"]
[WhiteElo "2525"]
[BlackElo "2415"]

1.d4 Nf6 2.Nf3 g6 3.c4 Bg7 4.g3 O-O 5.Bg2 d6 6.O-O c6 7.b3 e5 8.Nc3 e4 9.Ng5 d5
10.cxd5 cxd5 11.f3 h6 12.Nh3 exf3 13.exf3 Re8 14.Bb2 Nc6 15.Qd2 h5 16.Rfe1 Bf5
17.Rxe8+ Qxe8 18.Nf2 Qf8 19.Ncd1 Re8 20.Ne3 Bh6 21.f4 Be4 22.Nxe4 Nxe4 23.Bxe4 Rxe4
24.Nxd5  1/2-1/2

[Event "BL2-N9798"]
[Site "Germany"]
[Date "1998.??.??"]
[Round "9.5"]
[White "Tatenhorst, Volker"]
[Black "Issing, Peter"]
[Result "1/2-1/2"]
[WhiteElo "2270"]
[BlackElo "2260"]

1.d4 Nf6 2.c4 d6 3.Nf3 g6 4.g3 Bg7 5.Bg2 O-O 6.O-O Nc6 7.Nc3 e5 8.dxe5 dxe5
9.Qxd8 Rxd8 10.Bg5 Be6 11.Nd2 h6 12.Bxf6 Bxf6 13.Nd5 Bxd5 14.cxd5 Nb4 15.e4 c6
16.Rfd1 Rac8 17.h4 Nc2 18.Rac1 Nd4 19.Kf1 Kf8 20.Nc4 cxd5 21.exd5 b6 22.Bh3 Rc5
23.Ne3 Be7 24.Rxc5 Bxc5 25.Bg2 h5 26.a3 a5 27.Nc4 f6 28.b4 axb4 29.axb4 Bxb4
30.Nxb6 Bc5 31.Na4 Bd6 32.Nb2 Rc8 33.Be4 Kf7 34.f4 Rc3 35.Kg2 f5 36.fxe5 Bxe5
37.Nd3 Bd6 38.Bf3 Rc2+ 39.Nf2 Nb5 40.Re1 Bc5 41.Re2 Rc3 42.Nd1 Rxf3 43.Kxf3 Nd4+
44.Ke3 Nxe2+ 45.Kxe2 Kf6 46.Nb2 Bd6 47.Kf3 Ke5 48.Nd3+ Kxd5 49.Nf2 Kd4 50.Nh3 Ke5
51.Nf4 Kf6 52.Nh3 Ba3 53.Ng5 Bc1 54.Nh3 Ke5 55.Nf2 Kd4 56.Nh3 Kd3 57.Nf4+ Bxf4
58.Kxf4 Ke2 59.Kg5 Kf3 60.Kxg6 Kg4 61.Kf6 f4 62.gxf4 Kxf4 63.Ke6 Kg4 64.Ke5 Kxh4
65.Kf4  1/2-1/2

[Event "Gyongyos Matra Kupa"]
[Site "Gyongyos"]
[Date "1998.??.??"]
[Round "1"]
[White "Foldi, Istvan"]
[Black "Nagy, Hunor"]
[Result "1/2-1/2"]
[WhiteElo "2390"]
[BlackElo "2140"]

1.d4 Nf6 2.c4 g6 3.g3 Bg7 4.Bg2 O-O 5.Nf3 d6 6.Nc3 Nbd7 7.O-O e5 8.e4 Nh5
9.d5 a5 10.Re1 Nc5 11.Be3 b6 12.Qe2 Bg4 13.h3 Bd7 14.Nd2 Qe8 15.Nb5 Na6 16.Nf1 f5
17.exf5 gxf5 18.Bf3 Nf6 19.Bg2 Qg6 20.Nc3 Rae8 21.f4 Nh5 22.Qf2 Nb4 23.Red1 e4
24.Kh2 Nd3 25.Qc2 Kh8 26.Rd2 Rg8 27.Bh1 Nf6 28.Kg1 Bh6 29.Rg2 Qh5 30.Bd4 Bg7
31.h4 Re7 32.Nd1 Ng4 33.Qc3 Qf7 34.Nde3  1/2-1/2

[Event "Gyongyos Matra Kupa"]
[Site "Gyongyos"]
[Date "1998.??.??"]
[Round "3"]
[White "Muller, Vilhelm"]
[Black "Forgacs, Attila"]
[Result "1/2-1/2"]
[WhiteElo "2130"]
[BlackElo "2180"]

1.Nf3 g6 2.d4 Bg7 3.g3 Nf6 4.Bg2 O-O 5.c4 d6 6.O-O Nbd7 7.Nc3 e5 8.e4 c6
9.h3 Qb6 10.Re1 exd4 11.Nxd4 Ng4 12.hxg4 Qxd4 13.Bf4 Qxd1 14.Raxd1 Ne5 15.Bxe5 dxe5
16.g5 Be6 17.b3 Rfd8 18.Rxd8+ Rxd8 19.Rd1 Rxd1+ 20.Nxd1 Bf8 21.Nb2 Be7 22.Nd3 Bxg5
23.Nxe5 Bf6 24.Nd3 Bd4 25.Kh2 f6 26.Bh3 Kf7 27.f4 Ke7 28.Bxe6 Kxe6 29.Kg2 h5
30.Kf3 g5 31.b4 b6 32.a4 a6 33.b5 cxb5 34.cxb5 axb5 35.axb5 Bc3 36.Ke3 Kd6
37.e5+ Kd5 38.exf6 Bxf6 39.fxg5 Bxg5+ 40.Kf3 Kc4 41.Ne5+ Kxb5 42.Nd7 Kc6
43.Nxb6  1/2-1/2

[Event "Perenyi mem 2nd"]
[Site "Gyula"]
[Date "1998.??.??"]
[Round "6"]
[White "Turzo, Attila"]
[Black "Zimmerman, Yuri"]
[Result "1/2-1/2"]
[WhiteElo "2415"]
[BlackElo "2340"]

1.d4 g6 2.c4 Bg7 3.Nf3 Nf6 4.g3 O-O 5.Bg2 d6 6.O-O Nc6 7.Nc3 a6 8.Re1 Rb8
9.Rb1 e5 10.d5 Ne7 11.b4 b5 12.a4 bxc4 13.Nd2 c6 14.e4 cxd5 15.exd5 Bf5 16.Nde4 Nxe4
17.Bxe4 Qc7 18.Ba3 Bd7 19.Bg2 f5 20.b5 axb5 21.Nxb5 Bxb5 22.axb5 Nc8 23.Qa4 Nb6
24.Qb4 Rfd8 25.Bc1 e4 26.Bg5 Rd7 27.Bf1 Bd4 28.Red1 Qc5 29.Qd2 Bg7 30.Be3 Qc7
31.Qb4 c3 32.Rbc1 Rdd8 33.Rc2 Rbc8 34.Qa5 Rb8 35.Qb4 Ra8 36.Bd4 Bxd4 37.Qxd4 Rdc8
38.g4 Nd7 39.gxf5 gxf5 40.Kh1 Qc5 41.Bh3 Ra1 42.Kg2 Rxd1 43.Qxd1 Rf8 44.Bxf5 Nf6
45.Bxe4 Nxe4 46.Qg4+ Kh8 47.Qxe4 Rg8+ 48.Kh1 Qxb5 49.Re2 Qb6 50.Qd3 Qc7 51.Re3 Rc8
52.Rg3 Qe7 53.Qf5 Rf8 54.Qc2 Qe1+ 55.Kg2 Rg8 56.Qf5 Qe5 57.Qxe5+ dxe5  1/2-1/2

[Event "Perenyi mem 2nd"]
[Site "Gyula"]
[Date "1998.??.??"]
[Round "8"]
[White "Turzo, Attila"]
[Black "Senff, Martin"]
[Result "0-1"]
[WhiteElo "2415"]
[BlackElo "2430"]

1.d4 Nf6 2.c4 g6 3.Nf3 Bg7 4.g3 O-O 5.Bg2 d6 6.O-O c6 7.Nc3 Qa5 8.h3 Be6
9.Qd3 Qa6 10.b3 d5 11.Ne5 Rd8 12.Bb2 dxc4 13.Nxc4 Bxc4 14.bxc4 Nbd7 15.Qd2 Nb6
16.Rab1 e5 17.d5 Nxc4 18.Qd3 e4 19.Nxe4 Nxb2  0-1

[Event "4 Landerkampf"]
[Site "Hessen"]
[Date "1998.??.??"]
[Round "3"]
[White "Krallmann, Matthias"]
[Black "Koeller, Oliver"]
[Result "0-1"]
[WhiteElo "2280"]
[BlackElo "2295"]

1.d4 Nf6 2.c4 g6 3.Nf3 Bg7 4.g3 O-O 5.Bg2 d6 6.O-O Nbd7 7.Nc3 e5 8.e4 exd4
9.Nxd4 a6 10.h3 Re8 11.Re1 Rb8 12.a4 Nc5 13.a5 Bd7 14.b4 Ne6 15.Nde2 c5 16.bxc5 Nxc5
17.Nd4 Qc8 18.Bf4 Ne6 19.Nxe6 Bxe6 20.Bxd6 Rd8 21.e5 Ne8 22.Rc1 Nxd6 23.exd6 Bxc3
24.Rxc3 Qc5 25.Rd3 Qxa5 26.Rd4 Rd7 27.Re2 Qc5 28.Rb2 Kg7 29.Qd2 f6 30.Qe3 Bf7
31.Qf4 b5 32.h4 Rb6 33.cxb5 axb5 34.Rbd2 b4 35.Bh3 Rd8 36.d7 b3 37.Rd6 Qc1+
38.Kh2 Rxd6 39.Qxd6 b2 40.Rd1 b1=Q 41.Rxc1 Qxc1 42.Qb6 Bd5 43.Bg2 Bxg2  0-1